000 00391nam a22001451a 4500
020 _a9788170207801
082 _a301.03
_bCHA/I
245 _aInternational encyclopaedia of Anthropology (v.3)/
_cby Channa S M (ed.)
260 _aNew Delhi:
_bCosmo,
_c1998.
300 _a270p.
650 _aEncyclopaedia Anthropology
650 _aAnthropology
650 _aSocial Sciences
942 _cREF
999 _c20326
_d20326